A preface to metaphysics
Uloženo v:
| Hlavní autor: | |
|---|---|
| Médium: | Kniha |
| Jazyk: | španělština |
| Vydáno: |
Nueva York
Sheed and Ward
1948
|
| Témata: | |
| Tagy: |
Přidat tag
Žádné tagy, Buďte první, kdo vytvoří štítek k tomuto záznamu!
|
MARC
| LEADER | 00000nam a2200000 a 4500 | ||
|---|---|---|---|
| 001 | UCY8241 | ||
| 003 | CL-VaPUC | ||
| 008 | 950703e19480000US |||||||||||||||||spa|d | ||
| 082 | 0 | 4 | |a 194 |b MAR |2 21 |
| 100 | |a Maritain, Jacques |e autor |9 255680 | ||
| 245 | 1 | 2 | |a A preface to metaphysics |
| 300 | |a 152 p | ||
| 942 | |c BK | ||
| 945 | |d 19950703 00:00:00 |a aalvarez | ||
| 260 | |a Nueva York |b Sheed and Ward |c 1948 | ||
| 650 | 0 | |a Metafísica |9 265649 | |
| 650 | 0 | |a Humanismo cristiano |9 257489 | |
| 583 | |a last modification |c 19950703 00:00:00 |k Rodrigo Vera | ||
| 999 | |c 235516 |d 235514 | ||
| 952 | |0 0 |1 0 |4 0 |6 194_000000000000000_MAR_1948 |7 0 |8 P |9 243005 |a BIBEDU |b BIBEDU |c BIBEDU_PB |d 2019-11-18 |i 3098443 |o 194 MAR 1948 |p 3098443 |r 2024-01-25 |w 2019-11-18 |y BK |k FIL | ||